000 01159nam0a22003131 4500
001 RU\NLR\A1SV\115735
005 20251203171251.9
035 _a(NLR Aleph) 009797088
090 _a10160395
_c10160395
100 _a20121210d1926 u y0rusy50 ca
101 0 _arus
102 _aRU
200 1 _aСпасите татарбунарцев!
_eРечи т.т. Раковского, Доброджану, Бела-Куна, Дмитрова, Лебедева и др. на митинге О-ва бессарабцев и МОПР'а
_fС вступ. ст. П.Алисова
_gМоск. бюро Центр. сов. О-ва бессарабцев
210 _aМ.
_cМоск. бюро Центр. сов. О-ва бессарабцев
_d1926
215 _a55 с.
_cил.
_d23 см
620 _dМосква
702 1 _aРаковский
702 1 _aДоброжану
702 1 _aКун
_bБ.
_f1886-1938
_gБела
702 1 _aДмитров
702 1 _aЛебедев
801 0 _aRU
_bNLR
_c20121210
852 _aNLR
_j34/3327
899 _aРГБ
899 _aКирОУНБ
942 _cBOOK
980 _aNB
980 _aA1SV